Historia de Roma (Registro nro. 41577)

Detalles MARC
000 -ENCABEZADO
Número de control [NR] 00908nam a2200277Ia 4500
005 - FECHA Y HORA DE LA ÚLTIMA TRANSACCIÓN
control field 20150618082425.0
008 - DE LONGITUD FIJA DE DATOS DE ELEMENTOS - INFORMACIÓN GENERAL
Elementos de longitud fija [NR] 130821s2011 sp gr spa
020 ## - NUMERO INTERNACIONAL NORMALIZADO PARA LIBROS [R]
Número Internacional Normalizado del libro [NR] 9788497593151
040 ## - FUENTE DE CATALOGACION [NR]
Agencia de catalogación original [NR] CO-BoUCM
Idioma de catalogación [NR] spa
Quien Cataloga Jose A. Gerena (modificó)
Quien Clasifica [Nuevo]
041 00 - CODIGO DE IDIOMA [R]
Código de idioma para texto/pista de sonido o título separado [R] Español
100 1# - ASIENTO PRINCIPAL--NOMBRE PERSONAL [NR]
Nombre personal [NR] Montanelli, Indro
Fechas asociadas con el nombre [NR] 1909-
ID Autoridad 67788
245 10 - MENCION DE TITULO [NR]
Título [NR] Historia de Roma
Mención de responsabilidad, etc. [NR] Indro Montanelli ; traducción de Domingo Pruna
250 ## - MENCION DE EDICION [NR]
Mención de edición [NR] 5a ed
260 ## - PUBLICACION, DISTRIBUCION, ETC. (PIE DE IMPRENTA) [R]
Lugar de publicación, distribución, etc. [R] Barcelona (España)
Nombre del editor, distribuidor, etc. [R] Random House Mondadori
Fecha de publicación, distribución, etc. [R] 2011
300 ## - DESCRIPCION FISICA [R]
Extensión [R] 454 páginas
490 0# - MENCION DE SERIE [R]
Mención de serie [R] Debolsillo
Designación numérica/secuencial del volumen [NR] 13
500 ## - NOTA GENERAL [R]
Nota general [NR] Incluye cronología
650 07 - ASIENTO SECUNDARIO DE MATERIA - TERMINO TEMATICO [R]
Término temático o nombre geográfico como elemento de entrada [NR] Historia
9 (RLIN) 7695
651 #4 - ASIENTO SECUNDARIO DE MATERIA - NOMBRE GEOGRAFICO [R]
Nombre geográfico [NR] Roma (Italia)
Subdivisión general [R] Civilización
9 (RLIN) 67789
651 #4 - ASIENTO SECUNDARIO DE MATERIA - NOMBRE GEOGRAFICO [R]
Nombre geográfico [NR] Roma (Italia)
Subdivisión general [R] Historia
9 (RLIN) 26698
690 ## - ASUNTO AGREGADO LOCAL DE ENTRADA - TÉRMINO TEMÁTICO (OCLC, RLIN)
9 (RLIN) 42846
Acceso temático local Historia de Europa
700 1# - ASIENTO SECUNDARIO - NOMBRE PERSONAL [R]
Nombre personal [NR] Pruna, Domingo
9 (RLIN) 67790
765 1# - ASIENTO DE IDIOMA ORIGINAL [R]
Título [NR] Storia di roma
942 ## - ELEMENTOS DE ENTRADA AGREGADOS (KOHA)
Tipo de ítem principal el descrito en 300a Libro
Tema principal Historia
Edición 5
Parte restante de la signatura top. M764h
Sistema de clasificación DEWEY
Clasificación 937.06
Existencias
Fecha de último préstamo Total préstamos Total Renewals Signatura topográfica Código de barras Última vez visto Volúmen / Fascículo Ejemplar Price effective from Tipo de ítem Perdido Sistema de clasificación Dañado No prestable Tipo de ítem específico Suprimido Ubicación habitual Ubicación actual Localización Fecha de creación Forma de adquisición Costo Costo de reposición Proveedor
26/02/2016 73 12 937.06 M764h 100063253 09/12/2025 3a.Ed. Ej.1 03/02/2013 Libro   DEWEY     Libro   Claustro Claustro 2do piso 28/02/2004 Donación 24500.00    
13/03/2023 11 3 937.06 M764h 100145246 09/12/2025 5a.Ed. Ej.2 02/03/2015 Libro   DEWEY     Libro   Claustro Claustro 2do piso 02/03/2015 Donación 26000.00 26000.00 12
06/02/2020 10 6 937.06 M764h 100146121 09/12/2025   Ej.1 02/06/2015 Libro   DEWEY     Libro   Claustro Claustro 2do piso 02/06/2015 Donación 0.00 26000.00 12